Value and worth (Record no. 76742)
[ view plain ]
| 000 -LEADER | |
|---|---|
| fixed length control field | 00861cab a2200181 4500 |
| 001 - CONTROL NUMBER | |
| control field | ##L133018 |
| 008 - FIXED-LENGTH DATA ELEMENTS--GENERAL INFORMATION | |
| fixed length control field | 060403n2006 000 0 eng u |
| 035 ## - SYSTEM CONTROL NUMBER | |
| System control number | (Sirsi) u133018 |
| 041 0# - LANGUAGE CODE | |
| Language code of text/sound track or separate title | eng |
| 100 1# - MAIN ENTRY--PERSONAL NAME | |
| Personal name | French, Nick |
| 245 00 - TITLE STATEMENT | |
| Title | Value and worth |
| Remainder of title | scenario analysis |
| 260 ## - PUBLICATION, DISTRIBUTION, ETC. | |
| Date of publication, distribution, etc. | 2006 |
| 490 #0 - SERIES STATEMENT | |
| Series statement | Journal of Property Investment and Finance |
| Volume/sequential designation | 24(2) 2006, 176-179(4) |
| 520 ## - SUMMARY, ETC. | |
| Summary, etc. | By analysing a number of pricing models and valuation methods, looks at calculation of worth as it relates to valuations. Concludes that it is possible to adapt the discounted cash flow method to incorporate subjective predicted growth rates. In the case of a rack-rented freehold, this method produces the same value as the traditional method. |
| 590 ## - LOCAL NOTE (RLIN) | |
| Local note | IKA110406 |
| 690 ## - LOCAL SUBJECT ADDED ENTRY--TOPICAL TERM (OCLC, RLIN) | |
| Topical term or geographic name as entry element | PROPERTY-COMMERCIAL PROPERTY-COMMERCIAL PROPERTY VALUATION AND INVESTMENT |
| 942 ## - ADDED ENTRY ELEMENTS (KOHA) | |
| Suppress in OPAC | 0 |
| Withdrawn status | Lost status | Source of classification or shelving scheme | Damaged status | Not for loan | Home library | Current library | Shelving location | Date acquired | Total Checkouts | Full call number | Barcode | Date last seen | Copy number | Price effective from | Koha item type |
|---|---|---|---|---|---|---|---|---|---|---|---|---|---|---|---|
| Dewey Decimal Classification | London | London | Journal article | 03/04/2006 | L133018 | 133018-1001 | 06/08/2019 | 1 | 06/08/2019 | Journal article |